Traité de diagnostic médical ou Guide clinique pour l'étude des signes caractéristiques des maladies / (Record no. 162877)

MARC details
000 -LEADER
campo de control de longitud fija 00742nam a2200193 i 4500
001 - NÚMERO DE CONTROL
campo de control 162877
003 - IDENTIFICADOR DE NÚMERO DE CONTROL
campo de control ES-MaACL
005 - FECHA Y HORA DE LA ÚLTIMA TRANSACCIÓN
campo de control 20250806053935.0
008 - DATOS DE LONGITUD FIJA--INFORMACIÓN GENERAL
campo de control de longitud fija 011030s1854 fr |||| | fre d
040 ## - FUENTE DE CATALOGACIÓN
Centro catalogador/agencia de origen CCPB | B
Lengua de catalogación spa
Centro/agencia transcriptor CCPB | B
100 1# - ENTRADA PRINCIPAL--NOMBRE DE PERSONA
Nombre de persona Racle, V.-A.
9 (RLIN) 233482
245 10 - MENCIÓN DEL TÍTULO
Título Traité de diagnostic médical ou Guide clinique pour l'étude des signes caractéristiques des maladies /
Mención de responsabilidad, etc. par V.-A. Racle.
260 ## - PUBLICACIÓN, DISTRIBUCIÓN, ETC.
Lugar de publicación, distribución, etc. A Paris :
Nombre del editor, distribuidor, etc. chez J.-B. Baillière,
Fecha de publicación, distribución, etc. 1854.
300 ## - DESCRIPCIÓN FÍSICA
Extensión 579 p. ;
Dimensiones 18 cm.
650 #7 - PUNTO DE ACCESO ADICIONAL DE MATERIA--TÉRMINO DE MATERIA
Término de materia o nombre geográfico como elemento de entrada Medicina clínica
Fuente del encabezamiento o término embne
9 (RLIN) 14921
650 #4 - PUNTO DE ACCESO ADICIONAL DE MATERIA--TÉRMINO DE MATERIA
Término de materia o nombre geográfico como elemento de entrada Diagnóstico.
9 (RLIN) 11851
852 ## - LOCALIZACIÓN
Ubicación ES-MaACL
Número de control de estantería G-10719
Nota libre -- Enc. hol.
Encuadernación -- T300: Este ejemp. tiene XII, 579 p. -- T260: El impresor es Martinet
Holdings
Estatus retirado Estado de pérdida Estado de daño No para préstamo Colección Biblioteca de origen Biblioteca actual Ubicación en estantería Fecha de adquisición Fuente de adquisición Total de préstamos Signatura topográfica completa Código de barras Visto por última vez Precio de reemplazo Tipo de ítem Koha
        Libros del s. XIX Biblioteca del Ateneo de Madrid Biblioteca del Ateneo de Madrid Sala Pecera Planta 3 17/01/2008     G-10719 1170657 23/02/2023 23/02/2023 Libro impreso antiguo